The murder of the missing link

Uloženo v:
Podrobná bibliografie
Hlavní autor: Vercors, Jean (Autor)
Médium: Kniha
Jazyk:angličtina
Vydáno: Nueva York Pocket Books 1953
Edice:Pocket Book. Fiction, 1206, 6
Témata:
Tagy: Přidat tag
Žádné tagy, Buďte první, kdo vytvoří štítek k tomuto záznamu!

MARC

LEADER 00000nam a2200000 a 4500
001 UCZ8396
003 CL-VaPUC
008 960121e19530000US |||||||||||||||||eng|d
082 0 4 |a 843  |b VER  |2 21 
100 0 |a Vercors, Jean  |e author  |9 353683 
245 1 4 |a The murder of the missing link 
300 |a 196 p 
942 |c BK 
945 |d 19960121 00:00:00  |a cmena 
260 |a Nueva York  |b Pocket Books  |c 1953 
650 0 |a Literatura francesa  |9 266330 
650 0 |a Novela francesa  |9 264985 
583 |a last modification  |c 19960121 00:00:00  |k Rodrigo Vera 
490 0 |a Pocket Book. Fiction, 1206, 6 
999 |c 244315  |d 244313 
952 |0 0  |1 0  |4 0  |6 843_000000000000000_VER_1953  |7 0  |8 P  |9 258326  |a BIBEDU  |b BIBEDU  |c BIBEDU_PB  |d 2019-11-19  |i 1618466  |o 843 VER 1953  |p 1618466  |r 2024-01-25  |w 2019-11-19  |y BK  |k FIL